| 000 | 00808nam0a2200265 i 4500 | ||
|---|---|---|---|
| 001 | RU\NLR\bibl\1903504 | ||
| 005 | 20260405205929.0 | ||
| 010 |
_a9785995001485 _9320 |
||
| 035 | _a(NLR Aleph) 001893109 | ||
| 090 |
_a2946700 _c2946700 |
||
| 100 | _a20120416d2011 u y0rusy50 ca | ||
| 101 | 0 | _arus | |
| 102 | _aRU | ||
| 105 | _ay ||||||||| | ||
| 200 | 1 |
_a"Загадка" Смерша _e[роман] _fН.Н. Лузан |
|
| 210 |
_aМосква _cКучково поле _d2011 |
||
| 215 |
_a415 с. _d21 |
||
| 686 | _aШ6(2=Р)8-446 | ||
| 700 | 1 |
_4070 _7ca _8rus _aАбин _bН. Н. _f1951- _gНиколай Николаевич _976072 _3RU\NLR\AUTH\7793146 |
|
| 801 | 0 |
_aRU _bNLR _c20120416 _gRCR |
|
| 801 | 1 |
_aRU _bNLR _c20120416 |
|
| 942 | _cBOOK | ||
| 980 | _aNBR | ||